| 000 | 00814njm a22002297a 4500 | ||
|---|---|---|---|
| 005 | 20100910100728.0 | ||
| 007 | sd ammalaaahaa | ||
| 008 | 100910t xxu||||| |||| 00| 0 hin d | ||
| 028 |
_aMGM-C-8007 _bM-G-M |
||
| 035 | _aGR-01753 | ||
| 040 | _aSED/VEN | ||
| 100 |
_aMaurice Jarre _91184 |
||
| 245 |
_aDoctor Zhivago Part 1 / _cby Maurice Jarre _h[sound recording] : |
||
| 260 |
_aDum Dum, India _bHis Master's Voice _c1966 |
||
| 300 |
_a1 sound disc [Gramophone record] : _banalog, 33. 1/3 rpm _c10 in. _fGramophone record |
||
| 500 | _aBrief record. | ||
| 505 | _aOverture from Part 1, Lara's theme from Part 2 | ||
| 650 |
_aClassical Music _xExcerpts _zIndia _919315 |
||
| 700 |
_aDick Van Dyke _919539 |
||
| 942 |
_2ddc _cGR |
||
| 999 |
_c45249 _d45249 |
||